00318pab a2200121 454500008004000000100001700040245004500057260000900102300001000111362001000121650003200131773003300163180718b1983 xxu||||| |||| 00| 0 eng d aRamesh, K.S. aMonitoring rural water supply programmes c1983 a542-7 aSept. aWater Supply, Rural - India aJournal of Rural Development